000 00421nam a2200181Ia 4500
001 17416
005 20260306171516.0
008 260306s9999||||xx |||||||||||||| ||und||
041 _aESP
082 _a657.96
_bD94
100 _aDoupnik, Timothy
_eAUT
245 0 _aContabilidad internacional
260 _c2007
300 _a639 páginas :
_c27 cm.
650 _aGEN
654 _aCCO
942 _cLIB
_dJUS
_fJUS
_2ddc
_n
999 _c17416
_d17416